000 00560nam a2200181 a 4500
001 BRCA_1820
005 20190320203550.0
008 200508s1990----mx-a---###---#000-0#spa-#
050 4 _aF1296
_b.G37 1990
100 1 _aGarcía Oropeza, Guillermo
_95665
245 1 0 _aJalisco
_buna invitación a su microhistoria
_cGuillermo García Oropeza.
260 _aMéxico
_bBanca Promex
_c1990
300 _a94 p.
_bil. (algunas a color)
_c31 cm.
500 _aColección Sonia Corcuera de Mancera
651 4 _aJalisco
_xHistoria
_95666
902 _aDSC
942 _2lcc
_cB
999 _c1601
_d1601